Get the Picture: Venn Diagrams Quiz Stats

 Plays Quiz Updated Apr 28, 2019

Score 0/16 Timer 04:00
0 Plays Today
Question Answer Wrong Answers
Ice Hockey (Sport)
(A) Can Be Played Indoors
(B) Team Sport
A + B
88.2%
Only A
1.4%
Only B
2.8%
Neither
2%
Easter (Holiday)
(A) Fixed Date
(B) Christian Holiday
Only B
88%
Only A
1.7%
A + B
3.3%
Neither
1%
Kansas (State)
(A) Coastal State
(B) Capital Begins with 'B'
Neither
80.8%
Only A
3.3%
Only B
7.6%
A + B
1.9%
Apple (Company)
(A) Founded in the 1970s
(B) Headquartered in USA
A + B
76.3%
Only A
4.2%
Only B
11.5%
Neither
2.4%
64 (Number)
(A) Square Number
(B) Cube Number
A + B
74.4%
Only A
14%
Only B
3.6%
Neither
1.9%
Arabic (Language)
(A) Romance Language
(B) UN Official Language
Only B
74.4%
Only A
3.2%
A + B
7.1%
Neither
9.4%
Matt Damon (Actor)
(A) Starred in 'The Martian'
(B) Starred in 'Apollo 13'
Only A
73.2%
Only B
4.8%
A + B
12.2%
Neither
3.4%
Barcelona (City)
(A) Capital City
(B) Population over 1 Million
Only B
67.5%
Only A
3.7%
A + B
19.2%
Neither
3.7%
Komodo Dragon (Animal)
(A) Mammal
(B) Found in Africa
Neither
62.2%
Only A
9.9%
Only B
16.4%
A + B
5.3%
Luna Lovegood (Harry Potter Character)
(A) In Gryffindor
(B) In Dumbledore's Army
Only B
53.4%
Only A
9.4%
A + B
24.9%
Neither
5.6%
Laos (Country)
(A) Borders China
(B) Borders India
Only A
50.4%
Only B
9.5%
A + B
16.3%
Neither
17.2%
Pikachu (Pokemon)
(A) Electric Type
(B) Playable in Super Smash Bros.
A + B
49%
Only A
23.6%
Only B
10.4%
Neither
10.9%
Calvin Coolidge (US President)
(A) President During a World War
(B) Served Two Full Terms
Neither
46.8%
Only A
19.7%
Only B
15.9%
A + B
11.6%
Led Zeppelin (Band)
(A) Released Studio Albums in the 1970s
(B) Released Studio Albums in the 1980s
Only A
31.7%
Only B
3.9%
A + B
54.9%
Neither
2.8%
Chad (Country)
(A) Flag Contains Blue
(B) Flag Contains Green
Only A
24.2%
Only B
30.3%
A + B
24.8%
Neither
14.1%
Antimony (Element)
(A) Transition Metal
(B) Symbol Corresponds to English Name
Neither
20.8%
Only A
37.3%
Only B
12.2%
A + B
23%

Today's Daily Dose

Missing Word
Sherlocks

Word Ladder
King of the Hill

Quick Pick
Songs in Pink

Get the Picture
NBA Teammates

You're not logged in!

Compare scores with friends on all Sporcle quizzes.
OR
Log In

Sporcle TV

Today on Sporcle TV


Watch our educational content, quiz creation guides, and fun videos on Sporcle TV.

Show Comments

Extras

Top Quizzes Today


Score Distribution

Your Account Isn't Verified!

In order to create a playlist on Sporcle, you need to verify the email address you used during registration. Go to your Sporcle Settings to finish the process.

Report this User

Report this user for behavior that violates our Community Guidelines.

Details: